| 000 | 00386cam a2200169ua 4500 | ||
|---|---|---|---|
| 020 | _c2.00 | ||
| 041 |
_amal _h |
||
| 082 |
_a577 _bOPA/JE |
||
| 100 | _aOparin, A.I . | ||
| 245 | _aJeevolpatti | ||
| 260 |
_aKottayam : _bPrabhatham printing and publishing co. pvt. ltd. , _c1960. |
||
| 300 | _a147 ; . | ||
| 365 | _a2.00 | ||
| 504 | _a | ||
| 942 | _cBK | ||
| 999 |
_c4354 _d4354 |
||